Welthauptstädte, die Kairo am nächsten liegen - Statistiken

Allgemein
  • Dieses Quiz wurde 82 mal gespielt
  • Das Durchschnittsergebnis liegt bei 13 aus 20
Antwortstatistiken
km Hauptstadt % Korrekt
423 Jerusalem
90%
1123 Athen
87%
1110 Ankara
84%
584 Beirut
78%
1634 Riad
78%
1742 Tripolis
77%
604 Nikosia
75%
611 Damaskus
72%
490 Amman
67%
1292 Bagdad
65%
1624 Tirana
65%
1692 Valletta
65%
1596 Skopje
64%
1576 Sofia
61%
1625 Khartum
58%
1663 Bukarest
51%
1668 Priština
51%
1615 Kuwait-Stadt
49%
1648 Jerewan
33%
428 Ramallah
19%
Keine übereinstimmenden Quizze gefunden
Verteilung der Resultate
Anzahl Personen mit jedem Resultat
Perzentil nach korrekt beantworteten Fragen
Ihre Resultats-Entwicklung
Sie haben dieses Quiz noch nicht gespielt